000 00706cam a22001934a 4500
005 20250605164346.0
008 250528s ||||||||||||||||||||||||d
035 _a23910
040 _aGR-AtMCL
_bgre
_dGR-AtMCL
_eAACR2
245 1 _aThe School of the Old / A Special Issue Reconnecting with Stanley Milgram's Obedience Studies, 50 Years on.
260 _c2011
300 _a83
520 _aThe School of the Old, The Man and His Passions and Motivations, Alive and Well After all These Years, The Window in the Laboratory, Milgram and the Historians.
700 1 _aSutton Jon
_99351
942 _cCR
710 2 _aThe British Psychological Society
_99823
999 _c8826
_d8826